Chân Dung và tác phẩm
Tập hợp một số bài viết của giáo sư Hoàng Như Mai về các nhà văn, nghệ sĩ và một số tác phẩm
Tallennettuna:
| Päätekijä: | |
|---|---|
| Aineistotyyppi: | Kirja |
| Kieli: | Undetermined |
| Julkaistu: |
H.
Giáo dục
2001
|
| Aiheet: | |
| Linkit: | http://lrc.tdmu.edu.vn/opac/search/detail.asp?aID=2&ID=6746 |
| Tagit: |
Lisää tagi
Ei tageja, Lisää ensimmäinen tagi!
|
| Thư viện lưu trữ: | Trung tâm Học liệu Trường Đại học Thủ Dầu Một |
|---|
| LEADER | 00799nam a2200205Ia 4500 | ||
|---|---|---|---|
| 001 | TDMU_6746 | ||
| 008 | 210410s9999 xx 000 0 und d | ||
| 082 | |a 895.922 8008 | ||
| 090 | |b H407 | ||
| 100 | |a Hoàng, Như Mai | ||
| 245 | 0 | |a Chân Dung và tác phẩm | |
| 245 | 0 | |c Hoàng Như Mai | |
| 260 | |a H. | ||
| 260 | |b Giáo dục | ||
| 260 | |c 2001 | ||
| 300 | |a 267tr | ||
| 520 | |a Tập hợp một số bài viết của giáo sư Hoàng Như Mai về các nhà văn, nghệ sĩ và một số tác phẩm | ||
| 650 | |a Tác giả; Tác phẩm; Nghiên cứu văn học; Phê bình văn học | ||
| 856 | |u http://lrc.tdmu.edu.vn/opac/search/detail.asp?aID=2&ID=6746 | ||
| 980 | |a Trung tâm Học liệu Trường Đại học Thủ Dầu Một | ||